00688 a2200193 4500020001100000035001200011037004300023082001000066090001500076100002300091245007900114260004000193300002800233490004800261700002600309942002500335999001500360952011900375 c160.00 aB-82696 bRP-L-450/ PANSY-04-05:8 / RP-04-05:ENG14a574.8 c3047d30471 aAttwood, Teresa K.1 aIntroduction to bioinformaticscby Teresa K. Attwood, David J. Parry-Smith aSingaporebPearson Educationc2004r axx, 218 pc24 cm (pbk) aCell and nulecular biology in action series aParry-Smith, David J. adplcENk574.8 / ATT c2987d2987 04162ddc40708NFICaPRbPRg160.00l0o574.8 ATTpB-82696r2008-09-15 00:00:00t1u3181v160.00w2008-09-15yEN